000 00664nam a2200289Ia 4500
005 20260324134445.0
008 008 260324s9999 xx 000 0 eng d
020 _a9781315129761
037 _aEBOOK
040 _aCRL
040 _beng
040 _cCRL
041 _2eng
041 _aeng
084 _qCRL
100 _aJohn Attarian
_91196883
245 0 _aSocial Security
245 0 _bFalse Consciousness and Crisis
260 _bTaylor and Francis
260 _c2002
365 _a
365 _b170
856 _uhttp://www.taylorfrancis.com/books/9781315129761
942 _cEBOOK
999 _c1797009
_d1797009